| 000 | 00479nam a2200157Ia 4500 | ||
|---|---|---|---|
| 999 |
_c236 _d236 |
||
| 020 | _a0-8108-0487-5 | ||
| 082 | _a010.92 STU-A SL1 | ||
| 100 | _aStueart, Robert D.; | ||
| 245 | 0 | _aArea specialist bibliographer: an inquiry into his role | |
| 260 |
_aNew Jersey _bScarecrow Press _c1972 |
||
| 300 | _axvi, 152p. | ||
| 504 | _aIncludes index | ||
| 650 | _aCollege librarians - Faculty status - United States | ||
| 650 | _aArea specialist bibliographers - India | ||
| 942 | _cBK | ||